01369nam a2200337Ia 4500001001200000003000800012006001900020007001500039008004100054010001700095020001500112020001500127040002100142035002100163050002700184245009000211260004400301300002400345490005900369504005100428533015200479650004300631650004600674650004300720655002900763700001900792710001700811830006000828856012600888999001701014ebr10057679CaPaEBRm u cr cn|||||||||950306s1996 enka sbs 001 0 eng d z 95012897  z0203434366 z0415129079 aCaPaEBRcCaPaEBR a(OCoLC)64737517514aHD6181.85b.W65 1996eb00aWomen and industrialization in Asiah[electronic resource] /cedited by Susan Horton. aLondon ;aNew York :bRoutledge,c1996. axix, 314 p. :bill.1 aRoutledge studies in the growth economies of Asia ;v3 aIncludes bibliographical references and index. aElectronic reproduction.bPalo Alto, Calif. :cebrary,d2009.nAvailable via World Wide Web.nAccess may be limited to ebrary affiliated libraries. 0aWomenxEmploymentzAsiavCase studies. 0aWomen in developmentzAsiavCase studies. 0aIndustrializationzAsiavCase studies. 7aElectronic books.2local1 aHorton, Susan.2 aebrary, Inc. 0aRoutledge studies in the growth economies of Asia ;v3.40uhttp://site.ebrary.com/lib/rucke/Doc?id=10057679zAn electronic book accessible through the World Wide Web; click to view c71857d71857